| 000 | 00000nas##2200000za#4500 |
| 001 | 9.504016 |
| 003 | CaOODSP |
| 005 | 20200421174732 |
| 007 | cr ||||||||||| |
| 008 | 150406c2001||||xxc|| p o||||f| |0fre|d |
| 040 | |aCaOODSP|bfre |
| 043 | |an-cn--- |
| 086 | 1 |aTU2-4F-PDF |
| 110 | 2 |aBureau de la sécurité des transports du Canada. |
| 245 | 10|aRéflexions sur la sécurité des transports. Rail |h[ressource électronique] |
| 260 | |aOttawa - Ontario : |bBureau de la sécurité des transports du Canada |
| 310 | |aAnnuel |
| 362 | 1 |a2001-- |
| 691 | 07|aSécurité des transports|2gcpds |
| 691 | 07|aTransport ferroviaire|2gcpds |
| 775 | 08|tTransportation safety reflexions. Rail |w(CaOODSP)9.507631 |
| 776 | 0#|tRéflexions sur la sécurité ferroviaire |w(CaOODSP)9.512770 |